000 00598nam a2200217 a 4500
001 0001-1984
003 ELIB.Books
008 190128 2010 eng
020 _a0570035686
092 _a306.7 Son
_bSon
100 _aSonnenberg, Roger R.
245 _aHuman Sexuality
_bA Christian perspective
260 _aSaint Louis
_bConcordia Publishing House
_c1998
300 _a205
650 _aSex Instructions
856 _nKBTS Library
_uKBTS Elib
942 _2ddc
_cBK
990 _a2
998 _aEnglishbooks.elf
_ccat
_e2019-01-28
_mcat
_u2019-07-15
999 _c11984
_d11984